000 01335nam a22003497a 4500
003 CHAP
005 20220329143058.0
008 060131d2005 mx rg f00110 spa d
010 _a91618
011 _a92590
020 _a9685954178
035 _a103155
040 _cCHAP
082 0 4 _a021.65
_bI54
110 2 _aInstituto Federal de Acceso a la Información Pública. México
_959187
245 1 0 _aCompilación jurídica de los otros sujetos obligados por la Ley Federal de Transparencia y Acceso a la Información Pública Gubernamental
_c/por Instituto Federal de Acceso a la Información Pública
260 _aMéxico, D. F. :
_bInstituto Federal de Acceso a la Información Pública,
_c2005
300 _a402 p.
590 _aBATCH-UPD
_b10
_c20130110
_lUCH01
_h1106
590 _aBATCH-UPD
_b10
_c20130410
_lUCH01
_h0658
590 _aBATCH-UPD
_b10
_c20130914
_lUCH01
_h1638
590 _aBATCH-UPD
_b10
_c20161124
_lUCH01
_h1712
590 _aCONVERSION
_b10
_c20130109
_lUCH01
_h1351
650 1 4 _aInformación.
_958076
650 1 4 _aMéxico
_xLeyes.
_976778
650 1 4 _aServicios de información.
_9105330
651 4 _aMéxico
_xPolítica y gobierno.
_976783
901 _aBK
905 _aMarco A. Mendoza T.
942 _cLIBRO
949 _a021.65 I54
_bBC
_cLIBRO
_d33724000999074
_eLIBRO
_gDonaciØn
_h107654
_i103155
_sb
999 _c91618
_d91618